| 000 | 00428nam a2200133Ia 4500 | ||
|---|---|---|---|
| 008 | 210210b1990 xxu||||| |||| 00| 0 eng d | ||
| 082 | _a820.1 SHIS | ||
| 100 | _aSHIVAPRAKASH (H S) and RADHAKRISHNA (K S). | ||
| 245 | _aString of pearls, a. (selections from kannada poetry from pampa to present). | ||
| 260 |
_aBangalore. _bKarnataka Sahitya Academy., _c1990 |
||
| 300 | _axix,284 | ||
| 690 | _aEnglish Poetry | ||
| 906 | _a057793 | ||
| 999 |
_c105414 _d105414 |
||